100 things to know about the oceans / (Record no. 624)
[ view plain ]
| 000 -LEADER | |
|---|---|
| fixed length control field | 01378nam a22002417a 4500 |
| 005 - DATE AND TIME OF LATEST TRANSACTION | |
| control field | 20240523112034.0 |
| 020 ## - INTERNATIONAL STANDARD BOOK NUMBER | |
| International Standard Book Number | 9781474953160 |
| 040 ## - CATALOGING SOURCE | |
| Original cataloging agency | FISKH |
| Language of cataloging | eng |
| Transcribing agency | FISKH |
| Modifying agency | FISKH |
| 082 ## - DEWEY DECIMAL CLASSIFICATION NUMBER | |
| Classification number | 551.46 |
| 100 ## - MAIN ENTRY--PERSONAL NAME | |
| Personal name | Martin, Jerome |
| 245 ## - TITLE STATEMENT | |
| Title | 100 things to know about the oceans / |
| Statement of responsibility, etc. | Written by Jerome Martin, ALex Frith, Alice James, Lan Cook, Minna Lacey and Lizzie Cope ; Illustrated by Dominique Byron, Dale Edwin Murray, Federico Mariani, Shaw Nielsen and Jake Williams ; Designed by Jenny Offley, Winsome D'Abreu, Tilly Kitching, Lenka Hrehova and Samuel Gorham. |
| 260 ## - PUBLICATION, DISTRIBUTION, ETC. | |
| Place of publication, distribution, etc. | London : |
| Name of publisher, distributor, etc. | Usborne ; |
| Date of publication, distribution, etc. | 2021. |
| 300 ## - PHYSICAL DESCRIPTION | |
| Extent | 127 pages : |
| Other physical details | color illustrations : |
| Dimensions | 25 cm. |
| 490 ## - SERIES STATEMENT | |
| Series statement | 100 Things to know about |
| 505 ## - FORMATTED CONTENTS NOTE | |
| Formatted contents note | U <br/> |
| 520 ## - SUMMARY, ETC. | |
| Summary, etc. | Do fish wear pyjamas? What's the sound of an iceberg melting? How many sheep did it take to launch a Viking longship? Which is faster - a tsunami or a bullet train? Find the answers to these and many more questions in a book that explores the history, science, environment and art of our planet's seas and oceans. Richly illustrated and perfect for broadening children's knowledge of an essential subject, away from the classroom. |
| 521 ## - TARGET AUDIENCE NOTE | |
| Target audience note | 960 <br/> |
| Source | Lexile <br/> |
| 521 ## - TARGET AUDIENCE NOTE | |
| Target audience note | U <br/> |
| Source | Raz-Plus <br/> |
| 650 ## - SUBJECT ADDED ENTRY--TOPICAL TERM | |
| Topical term or geographic name entry element | Marine Animals |
| Form subdivision | Juvenile Literature |
| 650 ## - SUBJECT ADDED ENTRY--TOPICAL TERM | |
| Topical term or geographic name entry element | Marine Animals |
| Form subdivision | Juvenile Literature |
| 942 ## - ADDED ENTRY ELEMENTS (KOHA) | |
| Source of classification or shelving scheme | Dewey Decimal Classification |
| Koha item type | Books |
| Suppress in OPAC | No |
| 999 ## - | |
| -- | 624 |
| -- | 624 |
| Withdrawn status | Lost status | Source of classification or shelving scheme | Damaged status | Not for loan | Collection | Home library | Current library | Shelving location | Date acquired | Total Checkouts | Full call number | Barcode | Date last seen | Date last checked out | Price effective from | Koha item type |
|---|---|---|---|---|---|---|---|---|---|---|---|---|---|---|---|---|
| Dewey Decimal Classification | Non-Fiction | Footprints International School Library Network Toul Kork Campus | Footprints International School Library Network Toul Kork Campus | 06/27/2023 | 2 | MAR 551.46 | 2023-0113 | 09/28/2023 | 08/31/2023 | 06/27/2023 | Books |
